| 000 | 00409nam a2200169Ia 4500 | ||
|---|---|---|---|
| 008 | 230524s9999 xx 000 0 und d | ||
| 020 | _a8176565717 | ||
| 082 |
_a4.16 _bBAR |
||
| 100 | _aThomas C.Bartee | ||
| 245 | 0 | _a"Data Communications, Networks, And Systems" | |
| 250 | _a1ST | ||
| 260 |
_aNEW DELHI _bBPB _c2002 |
||
| 300 | _a359 | ||
| 500 | _aQuantity Number: 2 | ||
| 650 | _aComp-Sc | ||
| 942 | _cBK | ||
| 999 |
_c6730 _d6730 |
||